000 00361nam a2200145Ia 4500
008 221030s9999 xx 000 0 und d
041 _aEnglish
082 _a105.23
100 _aH. C. Saxena
245 0 _aS. Chand`s Simplifed Course Differential Calculus
_cby H. C. Saxena, H. K. Dass
260 _c0
650 _aB
700 _aH. K. Dass
942 _cBK
999 _c11941
_d11941